| 000 | 00798nam a22002177a 4500 | ||
|---|---|---|---|
| 005 | 20120105111936.0 | ||
| 008 | 120105t xxu||||| |||| 00| 0 eng d | ||
| 010 | _aENG-104598 | ||
| 020 |
_a9789380929033 _c790.00 |
||
| 035 | _aEN-88131 | ||
| 037 | _bDBAD/PUB | ||
| 040 |
_aDPL _bEng |
||
| 082 | _a657.45 | ||
| 100 |
_aBasotia, Sanjay _938246 |
||
| 245 |
_aAuditing : _cby Sanjay Basotia _ba modern approach / |
||
| 260 |
_aJaipur _bDND Publications _c2011 |
||
| 270 |
_a2, Shivgyan Avenue, (B-7), Near Yojna Bhawan, Yudishter Marg, C-Scheme _bJaipur _e302001 |
||
| 300 |
_a250p. _c22cm(Hb) |
||
| 942 |
_2ddc _cEN _mBAS _h657.45 |
||
| 999 |
_c60336 _d60336 |
||